U.S. States with the Most Major League Sports Teams - Statistics

General Stats
  • This quiz has been taken 45 times
  • The average score is 6 of 8
Answer Stats
# State % Correct
15 California
97%
8 Texas
97%
9 Florida
95%
10 New York
95%
5 Illinois
82%
6 Ohio
72%
7 Pennsylvania
69%
5 Minnesota
33%
No matching quizzes found
Score Distribution
Percent of People with Each Score
Percentile by Number Answered
Your Score History
You have not taken this quiz